000 00708nam a2200289Ia 4500
005 20260324112249.0
008 008 260324s9999 xx 000 0 eng d
020 _a9781003356066
037 _aEBOOK
040 _aCRL
040 _beng
040 _cCRL
041 _2eng
041 _aeng
084 _qCRL
100 _aCarole Rosenstein
_91141972
245 0 _aUnderstanding Cultural Policy
245 0 _bGovernment and the Arts and Culture in the United States
260 _bTaylor and Francis
260 _c2024
365 _a
365 _b220
856 _uhttp://www.taylorfrancis.com/books/9781003356066
942 _cEBOOK
999 _c1731116
_d1731116